[Event "GER CM02-C email"]
[Site "GER email"]
[Date "2015.06.25"]
[Round "?"]
[White "Freytag, Walter"]
[Black "Teeriaho, Tuomo"]
[Result "1/2-1/2"]
[WhiteElo "2382"]
[BlackElo "2342"]
[PlyCount "76"]
[EventDate "2015.??.??"]
[EventType "tourn (corr)"]
[EventRounds "11"]
[EventCountry "GER"]
[SourceTitle "Corr 2017"]
[Source "ChessBase"]
[SourceDate "2017.09.19"]
[SourceVersion "1"]
[SourceVersionDate "2017.09.19"]
[SourceQuality "1"]

1. e4 e5 2. Nf3 Nc6 3. Bb5 a6 4. Ba4 Nf6 5. 0-0 Be7 6. Re1 b5 7. Bb3 0-0 8. c3 d6 9. h3 Re8 10. d4 Bb7 11. Nbd2 Bf8 12. a4 h6 13. Bc2 exd4 14. cxd4 Nb4 15. Bb1 c5 16. d5 Nd7 17. Ra3 g6 18. Nf1 Bg7 19. a5 Rc8 20. N1h2 Kh7 21. Ng4 h5 22. Ng5+ Kg8 23. Nh6+ Bxh6 24. Nxf7 Kxf7 25. Bxh6 h4 26. Rae3 Re5 27. Qg4 Qe8 28. Bg5 Rxg5 29. Qxg5 Qe5 30. Rf3+ Nf6 31. Qxh4 Rg8 32. Qh7+ Rg7 33. Qh6 Bc8 34. Qe3 Rg8 35. Qc3 Re8 36. Rfe3 Qf4 37. Rf3 Qe5 38. Rfe3 Qf4 1/2-1/2

[Event "GER CM02-C email"]
[Site "GER email"]
[Date "2015.06.25"]
[Round "?"]
[White "Freytag, Walter"]
[Black "Zielasko, Andreas"]
[Result "1/2-1/2"]
[WhiteElo "2382"]
[BlackElo "2330"]
[PlyCount "51"]
[EventDate "2015.??.??"]
[EventType "tourn (corr)"]
[EventRounds "11"]
[EventCountry "GER"]
[SourceTitle "Corr 2017"]
[Source "ChessBase"]
[SourceDate "2017.09.19"]
[SourceVersion "1"]
[SourceVersionDate "2017.09.19"]
[SourceQuality "1"]

1. e4 e5 2. Nf3 Nc6 3. Bb5 a6 4. Ba4 Nf6 5. 0-0 Be7 6. Re1 b5 7. Bb3 0-0 8. c3 d5 9. exd5 Nxd5 10. Nxe5 Nxe5 11. Rxe5 c6 12. d4 Bd6 13. Re1 Qh4 14. g3 Qh3 15. Be3 Bg4 16. Qd3 Rae8 17. Nd2 Re6 18. a4 Qh5 19. axb5 axb5 20. Nf1 Bf5 21. Qd2 Bh3 22. Bd1 Qg6 23. Bf3 Qf5 24. Qd1 h5 25. Ra6 Bc7 26. Bh1 1/2-1/2

[Event "GER CM02-C email"]
[Site "GER email"]
[Date "2015.06.25"]
[Round "?"]
[White "Pietrzak, Janusz"]
[Black "Freytag, Walter"]
[Result "1/2-1/2"]
[WhiteElo "2384"]
[BlackElo "2382"]
[PlyCount "65"]
[EventDate "2015.??.??"]
[EventType "tourn (corr)"]
[EventRounds "11"]
[EventCountry "GER"]
[SourceTitle "Corr 2017"]
[Source "ChessBase"]
[SourceDate "2017.09.19"]
[SourceVersion "1"]
[SourceVersionDate "2017.09.19"]
[SourceQuality "1"]

1. e4 c5 2. Nf3 d6 3. d4 cxd4 4. Nxd4 Nf6 5. Nc3 a6 6. Be3 e5 7. Nb3 Be6 8. f3 Be7 9. Qd2 Nbd7 10. g4 0-0 11. 0-0-0 b5 12. g5 b4 13. Ne2 Ne8 14. f4 a5 15. f5 a4 16. Nbd4 exd4 17. Nxd4 b3 18. Kb1 bxc2+ 19. Nxc2 Bb3 20. axb3 axb3 21. Na3 Ne5 22. h4 Ra4 23. Rh3 Qa8 24. Qd5 Rxa3 25. bxa3 Qxa3 26. Qd2 Nf6 27. Bd4 Nfd7 28. Qb2 Qa8 29. f6 gxf6 30. gxf6 Bxf6 31. Qg2+ Kh8 32. Rxb3 Nc5 33. Rb4 1/2-1/2

[Event "GER CM02-C email"]
[Site "GER email"]
[Date "2015.06.25"]
[Round "?"]
[White "Sorcnik, Klemen"]
[Black "Freytag, Walter"]
[Result "1/2-1/2"]
[WhiteElo "2273"]
[BlackElo "2382"]
[PlyCount "39"]
[EventDate "2015.??.??"]
[EventType "tourn (corr)"]
[EventRounds "11"]
[EventCountry "GER"]
[SourceTitle "Corr 2017"]
[Source "ChessBase"]
[SourceDate "2017.09.19"]
[SourceVersion "1"]
[SourceVersionDate "2017.09.19"]
[SourceQuality "1"]

1. e4 c5 2. Nf3 d6 3. d4 cxd4 4. Nxd4 Nf6 5. Nc3 a6 6. Be3 e5 7. Nb3 Be6 8. f3 Be7 9. Qd2 Nbd7 10. g4 0-0 11. 0-0-0 b5 12. g5 b4 13. Ne2 Ne8 14. f4 a5 15. f5 a4 16. Nbd4 exd4 17. Nxd4 b3 18. Kb1 bxc2+ 19. Nxc2 Bb3 20. axb3 1/2-1/2

[Event "GER CM01-F email"]
[Site "GER email"]
[Date "2014.09.25"]
[Round "?"]
[White "Boehnke, Hartmut"]
[Black "Freytag, Walter"]
[Result "1/2-1/2"]
[WhiteElo "2264"]
[BlackElo "2344"]
[PlyCount "57"]
[EventDate "2014.??.??"]
[EventType "tourn (corr)"]
[EventRounds "12"]
[EventCountry "GER"]
[SourceTitle "Corr 2022"]
[Source "ChessBase"]
[SourceDate "2021.10.24"]
[SourceVersion "1"]
[SourceVersionDate "2021.10.24"]
[SourceQuality "1"]

1. e4 c5 2. Nf3 d6 3. d4 cxd4 4. Nxd4 Nf6 5. Nc3 a6 6. Bg5 e6 7. f4 Nbd7 8. Bc4 Qb6 9. Bb3 Be7 10. f5 Nc5 11. Qf3 Nxb3 12. Nxb3 0-0 13. 0-0-0 Qc7 14. Qg3 b5 15. Bxf6 Bxf6 16. fxe6 fxe6 17. Qxd6 Qxd6 18. Rxd6 Be7 19. Rd4 Rf2 20. g3 Ra7 21. a3 Rc7 22. Rd3 Bf6 23. h4 Be5 24. Re1 Kf7 25. Ne2 Bb7 26. Nd2 Ke7 27. Rf3 Rg2 28. c3 a5 29. Nf4 1/2-1/2

[Event "GER CM01-F email"]
[Site "GER email"]
[Date "2014.09.25"]
[Round "?"]
[White "Freytag, Walter"]
[Black "Felkel, Siegfried"]
[Result "0-1"]
[WhiteElo "2344"]
[BlackElo "2411"]
[PlyCount "52"]
[EventDate "2014.??.??"]
[EventType "tourn (corr)"]
[EventRounds "12"]
[EventCountry "GER"]
[SourceTitle "Corr 2017"]
[Source "ChessBase"]
[SourceDate "2017.09.19"]
[SourceVersion "1"]
[SourceVersionDate "2017.09.19"]
[SourceQuality "1"]

1. e4 c5 2. Nf3 Nc6 3. d4 cxd4 4. Nxd4 Nf6 5. Nc3 e5 6. Ndb5 d6 7. Bg5 a6 8. Na3 b5 9. Bxf6 gxf6 10. Nd5 f5 11. Bd3 Be6 12. 0-0 Bxd5 13. exd5 Ne7 14. c3 Bg7 15. Qh5 e4 16. Bc2 0-0 17. Rae1 Qc8 18. Bb3 a5 19. Nxb5 a4 20. Bd1 Qc5 21. Nd4 Qxd5 22. Re3 Rfb8 23. b3 f4 24. Rh3 Qxh5 25. Rxh5 Bxd4 26. cxd4 a3 0-1

[Event "GER CM01-F email"]
[Site "GER email"]
[Date "2014.09.25"]
[Round "?"]
[White "Freytag, Walter"]
[Black "Kirkov, Toshko Dimitrov"]
[Result "1/2-1/2"]
[WhiteElo "2344"]
[BlackElo "2277"]
[PlyCount "44"]
[EventDate "2014.??.??"]
[EventType "tourn (corr)"]
[EventRounds "12"]
[EventCountry "GER"]
[SourceTitle "Corr 2017"]
[Source "ChessBase"]
[SourceDate "2017.09.19"]
[SourceVersion "1"]
[SourceVersionDate "2017.09.19"]
[SourceQuality "1"]

1. e4 e5 2. Nf3 Nc6 3. Bb5 a6 4. Ba4 Nf6 5. 0-0 Be7 6. Re1 b5 7. Bb3 0-0 8. c3 d5 9. exd5 Nxd5 10. Nxe5 Nxe5 11. Rxe5 c6 12. d4 Bd6 13. Re1 Qh4 14. g3 Qh3 15. Be3 Bg4 16. Qd3 Rae8 17. Nd2 Re6 18. a4 Qh5 19. axb5 axb5 20. Bxd5 Qxd5 21. Qf1 Qh5 22. f3 Bf5 1/2-1/2